La canción del pirata-rellenar - Estadísticas

Estadísticas generales
  • Esta prueba ha sido intentada 39 veces
  • La puntuación promedio es 19 de 29
Estadísticas de respuestas
Hint Respuesta % Correcto
viento en popa _ __ __ a toda vela
97%
no corta _ __, si no vuela el mar
90%
_ ___ cañones por banda con diez
87%
del uno al __ ___ otro confín
87%
bajel ____ que llaman pirata
87%
en __ _ __ conocido todo el mar
87%
un _____ _____ velero bergantin
87%
por su bravura, _ ___ el Temido
80%
la luna en el __ ___, mar riela
77%
___ a un lado, al otro ____ Asia Europa
73%
mi única patria, __ ___ la mar
70%
cien naciones, _ __ ___ a mis pies
67%
y va el ____ ____ capitán pirata
67%
y allá a su ___, ____ frente Estambul
67%
a despecho del ____ inglés
67%
olas de ____ _ ____ plata y azul
67%
que es mi ____ mi ____ barco tesoro
60%
en __ ___ gime el viento la lona
60%
____ presas hemos hecho veinte
60%
navega ____ __, sin temor velero mío
60%
____ ___ en la popa cantando alegre
57%
y alza en ___ _____ blando movimiento
53%
que es mi ___ la ____ dios libertad
53%
y han rendido __ _____ sus pendones
53%
tu rumbo a ___ ___ torcer alcanza
53%
que ni _____ ____ enemigo navío
50%
ni _____ ni ______ tormenta bonanza
47%
ni a ____ tu valor sujetar
43%
mi ley, la fuerza __ ____ del viento
40%
No se encontraron pruebas coincidentes
Distribución de puntuación
Porcentaje de gente con cada puntuación
Porcentaje por número respondido
Historial de tus puntuaciones
No has intentado esta prueba.